La felicidad

Uloženo v:
Podrobná bibliografie
Hlavní autoři: Martínez Aldunate, Daniel (autor), Ivanovic-Zuvic Ramírez, Fernando (Autor), Unanue Manríquez, Wenceslao (Autor)
Médium: Kniha
Jazyk:španělština
Vydáno: Santiago Sociedad de Neurología Psiquiatría y Neurocirugía 2013
Vydání:1a. ed
Edice:Serie Roja
Témata:
Tagy: Přidat tag
Žádné tagy, Buďte první, kdo vytvoří štítek k tomuto záznamu!

MARC

LEADER 00000cam a2200000 a 4500
001 UCE2372
003 CL-VaPUC
008 140703e20130000cl |||||||||||||||||spa|d
020 |a 9789567545070 
082 0 4 |a 152.42  |b MAR  |2 21 
100 |a Martínez Aldunate, Daniel  |e autor  |9 574817 
700 |a Ivanovic-Zuvic Ramírez, Fernando  |e author  |9 574818 
700 0 |a Unanue Manríquez, Wenceslao  |e author  |9 574819 
245 1 3 |a La felicidad 
246 1 3 |a La felicidad: evidencias y experiencias para cambiar nuestro mundo 
250 |a 1a. ed 
300 |a 368 p 
942 |c BK 
945 |d 20140703 14:09:00  |a cmena 
260 |a Santiago  |b Sociedad de Neurología Psiquiatría y Neurocirugía  |c 2013 
650 0 |a Felicidad  |9 257029 
650 0 |a Sentimientos   |9 334266 
650 0 |a Salud mental  |9 308393 
650 0 |a Psicopatología   |9 307473 
650 0 |a Políticas públicas  |9 309677 
583 |a last modification  |c 20140703 14:09:00  |k Rodrigo Vera 
490 0 |a Serie Roja 
999 |c 355976  |d 355974 
952 |0 0  |1 0  |3 erb  |4 0  |6 152_420000000000000_MAR_2013  |7 0  |8 R  |9 463039  |a BIBEDU  |b BIBEDU  |c MCIRC  |i 5087961  |o 152.42 MAR 2013  |p 5087961  |r 2023-01-13  |w 2019-11-23  |y BK_R  |z Catalogado en:20140703  |k PSI 
952 |0 0  |1 0  |3 erb  |4 0  |6 152_420000000000000_MAR_2013  |7 0  |8 R  |9 463040  |a BIBEDU  |b BIBEDU  |c MCIRC  |i 508797K  |o 152.42 MAR 2013  |p 508797K  |r 2023-01-13  |w 2019-11-23  |y BK_R  |z Catalogado en:20140703  |k PSI